| 000 | 01177nam a22003497a 4500 | ||
|---|---|---|---|
| 001 | 200428070 | ||
| 003 | TR-AnTOB | ||
| 005 | 20260206135957.0 | ||
| 008 | 171205b xxu||||| |||| 00| 0 tur d | ||
| 020 |
_a9789751633347 _chardcover |
||
| 040 |
_aTR-AnTOB _cTR-AnTOB _beng _erda |
||
| 041 | _atur | ||
| 042 | _apcc | ||
| 043 | _aa-tu--- | ||
| 050 | 0 | 0 |
_aDR435.A7 _b.S43 2017 |
| 090 |
_aDR435.A7 _b.S43 2017 |
||
| 100 | 1 |
_aShaw, Stanford J. _q(Stanford Jay), _d1930-2006 _eauthor _9106844 |
|
| 245 | 1 | 0 |
_aBirinci Dünya Savaşı'nda Osmanlı İmparatorluğu : _b-Ermeniler- / _cStanford J. Shaw ; çeviren, Şadi Dinlenç. |
| 264 | 1 |
_aAnkara : _bTürk Tarih Kurumu, _c2017. |
|
| 300 |
_avi, 211 pages ; _c22 cm |
||
| 336 |
_atext _btxt _2rdacontent |
||
| 337 |
_aunmediated _bn _2rdamedia |
||
| 338 |
_avolume _bnc _2rdacarrier |
||
| 504 | _aBIBINDX | ||
| 650 | 0 |
_aDünya Savaşı, 1914-1918 _zTürkiye _920752 |
|
| 651 | 7 |
_aTürkiye _xTarih _yMehmed V, 1909-1918 _920755 |
|
| 651 | 0 |
_aTürkiye _xSiyaset ve yönetim _y1909-1918 _97678 |
|
| 700 | 1 |
_aDinlenç, Sadi _etranslator _9152402 |
|
| 710 | 2 |
_aTürk Tarih Kurumu _946395 |
|
| 942 |
_2lcc _cBK |
||
| 999 |
_c200428070 _d45994 |
||